| 000 | 01312cab a22002295a 4500 | ||
|---|---|---|---|
| 001 | L148576 | ||
| 008 | 091005s2009 xxkd f 000 0 eng d | ||
| 035 | _a(Sirsi) u148576 | ||
| 041 | 0 | _aeng | |
| 100 | 1 | _aMellish, Paul | |
| 245 | 0 | 0 |
_aBuy to let _ba popular investment? |
| 260 | _c2009 | ||
| 490 | 0 |
_aJournal of Property Investment and Finance _v27(3) 2009, 178-190 (13) |
|
| 520 | _aThe UK buy-to-let sector is a significant, popular investment market with over 1 024 300 buy-to-let mortgages outstanding between 1996 and 2007. Do men and women invest in the buy-to-let market for similar or different reasons? Reviews current background information on the buy-to-let market and evaluates a quantitative study examining whether the advantages outweigh the disadvantages for landlords investing in the buy-to-let market and if these issues are perceived differently by male and female landlords. Overall male and female landlords are seen to have differing approaches to their investment decisions in this sector. Tables, figures, references. | ||
| 590 | _aKA | ||
| 650 | 2 | 4 | _aHOUSING ACT 1988 |
| 650 | 2 | 4 | _aBUILDING SOCIETIES ACT 1986 |
| 651 | 4 |
_aUnited Kingdom _y |
|
| 690 | _aPROPERTY-RESIDENTIAL PROPERTY-RESIDENTIAL PROPERTY FINANCE AND INVESTMENT | ||
| 700 | 1 | _aRhoden, Maureen | |
| 942 | _n0 | ||
| 999 |
_c81887 _d81887 |
||